Ανύσματα και τανυστές
Αποθηκεύτηκε σε:
| Κύριος συγγραφέας: | |
|---|---|
| Μορφή: | Βιβλίο |
| Γλώσσα: | Greek |
| Δημοσίευση: |
Αθήνα :
Σ. Αθανασόπουλος,
c1993
|
| Θέματα: | |
| Ετικέτες: |
Προσθήκη ετικέτας
Δεν υπάρχουν, Καταχωρήστε ετικέτα πρώτοι!
|
MARC
| LEADER | 00000nam a2200000 i 4500 | ||
|---|---|---|---|
| 001 | 1/99433 | ||
| 008 | 000308s1993 gre d | ||
| 035 | |l 10056880 | ||
| 040 | |a GR-MY-UA |b gre |e aacr | ||
| 041 | 0 | |a gre | |
| 082 | 0 | |a 516.36 | |
| 100 | 1 | |a Παπαϊωάννου, Αγγελος Θ. | |
| 245 | 1 | 0 | |a Ανύσματα και τανυστές / |c Αγγελου Θ. Παπαιωάννου |
| 260 | |a Αθήνα : |b Σ. Αθανασόπουλος, |c c1993 | ||
| 300 | |a 160 σ.; |c 24 εκ. | ||
| 504 | |a Περιέχει βιβλιογραφία και ευρετήριο | ||
| 650 | 0 | 0 | |a Calculus of tensors. |
| 650 | 0 | 0 | |a Tensor algebra. |
| 852 | |a INST |b SAMOS |e 20000308 |h 516.36 ΠΑΠ |p 005300015903 |q 005300015903 |t BK |y 0 | ||
| 901 | |a BIBL3-2000-1 | ||
| 909 | |a Σ |b 071847 | ||
| 922 | |a 3ΕΛΗ |b 199912 |c ΒΙΒΛΙΟΘΗΚΗ |d ΠΑΠΑΣΩΤΗΡΙΟΥ | ||
| 950 | |a 127-1999-11-23 | ||
| 970 | |a ΠΟΥΡΝΑΡΑΣ |b ΔΗΜΗΤΡΗΣ |z 2000/03/08 | ||